000 01589nam a22002417a 4500
999 _c60209
_d60209
003 Ge_BSU
005 20230619150753.0
008 230619s2004 ge ||||| |||| 00| 0 geo d
020 _a15120416
041 _ageo
080 _a902.2(479.22) კ-36
100 _aკახიძე, ამირან
_918802
245 _aფიჭვნარი. ტ. 1, საქართველო-ბრიტანეთის ერთობლივი არქეოლოგიური ექსპედიციის შედეგები (1998-2002 წ.წ.) :
_bკოლხები და ბერძნები აღმოსავლეთ შავიზღვისპირეთში. ნაწ. 1 : (ტექსტი). / /
_cბათუმის არქეოლ. მუზეუმი, ოქსფორდის უნ-ტის აშმოლის მუზეუმი.
264 _aბათუმი:
_c2004.
300 _a458 გვ. :
_b ილ.;
_c30 სმ.
500 _aპარალ. თავფურ., გარეკანი, ტექსტი ქართ. და ინგლ.
504 _aბიბლიოგრ.: გვ. 226-255.
653 _aარქეოლოგიური გათხრები აჭარაში
700 _aვიკერსი, მაიკლ
_eავტორი.
_96727
710 _aბათუმის არქეოლ. მუზეუმი.
_918803
710 _aოქსფორდის უნ-ტის აშმოლის მუზეუმი
_918804
942 _2udc
_cBK